Paris Sg buteurs - Statistiques

Statistiques générales
  • Ce quiz a été pris 147 fois
  • Le résultat moyen est 6 sur 25
Statistiques - réponses
Nb Buts Joueur Top % Correct
167 Kylian Mbappe 2
96%
99 Neymar 5
67%
109 Pauleta 4
64%
200 Edinson Cavani 1
63%
156 Zlatan Ibrahimovic 3
61%
91 Angel Di Maria 6
45%
48 Nene 12
25%
45 Javier Pastore 14
22%
50 George Weah 11
21%
57 Guillaume Hoarau 10
21%
46 Lucas Moura 13
21%
69 Rai 9
21%
35 Ezequiel Lavezzi 19
20%
33 Blaise Matuidi 23
19%
40 David Ginola 15
17%
36 Marquinhos 18
16%
38 Mauro Icardi 16
14%
87 Dominique Rocheteau 7
11%
32 Marco Simone 24
5%
34 Patrice Loko 21
5%
37 Peguy Luyindula 17
5%
30 Mevlut Erdinc 25
2%
34 Nambatingue Toko 22
1%
34 Laurent Robert 20
0%
74 Safet Sucic 8
0%
Aucun quiz correspondant
Distribution des résultats
% des personnes avec chaque résultat
Percentile par nombre de réponses
Votre historique - résultats
Vous n’avez pas pris ce quiz